A short course in elementary meteorology (Record no. 544683)
[ view plain ]
| 000 -LEADER | |
|---|---|
| fixed length control field | 00410nam a22001457a 4500 |
| 082 ## - DEWEY DECIMAL CLASSIFICATION NUMBER | |
| Classification number | 551.5 |
| Author Mark | PIC |
| -- | Lp-tech, P-32 |
| 100 ## - MAIN ENTRY--PERSONAL NAME | |
| Personal name | Pick W.H |
| 9 (RLIN) | 40198 |
| 245 ## - TITLE STATEMENT | |
| Title | A short course in elementary meteorology |
| Statement of responsibility, etc. | Pick W.H |
| 260 ## - PUBLICATION, DISTRIBUTION, ETC. | |
| Place of publication, distribution, etc. | London |
| Name of publisher, distributor, etc. | H.M Stationar office |
| Date of publication, distribution, etc. | 1933 |
| 300 ## - PHYSICAL DESCRIPTION | |
| Extent | 144 P.: |
| Other physical details | ill,: |
| 526 ## - STUDY PROGRAM INFORMATION NOTE | |
| Program name | 0 |
| Interest level | 0 |
| Reading level | 0 |
| Title point value | 551_500000000000000_PIC |
| 650 ## - SUBJECT ADDED ENTRY--TOPICAL TERM | |
| Topical term or geographic name entry element | MCE |
| 9 (RLIN) | 379 |
| 700 ## - ADDED ENTRY--PERSONAL NAME | |
| Personal name | Pick W.H |
| 9 (RLIN) | 40198 |
| 942 ## - ADDED ENTRY ELEMENTS (KOHA) | |
| Source of classification or shelving scheme | |
| Koha item type | Book |
| Withdrawn status | Lost status | Source of classification or shelving scheme | Damaged status | Not for loan | Permanent Location | Current Location | Date acquired | Total Checkouts | Full call number | Barcode | Date last seen | Date last checked out | Price effective from | Koha item type |
|---|---|---|---|---|---|---|---|---|---|---|---|---|---|---|
| Military College of Engineering (MCE) | Military College of Engineering (MCE) | 05/09/2014 | 1 | 551.5 PIC | MCE-40379 | 05/09/2014 | 05/09/2014 | 05/09/2014 | Book |
